000
00199nam a22000977a 4500
082
_a
894.812.3
_b
KUR/L
100
_a
KURUPPU
245
_a
LOKACHARITHRAM ONNAM BHAGAM
650
_a
MALAYALAM
942
_c
BK
999
_c
9040
_d
9040